[Event "Bad Pyrmont Pape op-A 2nd"]
[Site "Bad Pyrmont"]
[Date "2023.08.11"]
[Round "2"]
[White "Harms, Friedjof"]
[Black "Wernke Schmiesing, Sebastian"]
[Result "0-1"]
[WhiteElo "1872"]
[BlackElo "1746"]
[PlyCount "50"]
[EventDate "2023.08.10"]
[EventType "swiss"]
[EventRounds "7"]
[EventCountry "GER"]
[SourceTitle "EXT 2024"]
[Source "ChessBase"]
[SourceDate "2023.10.10"]
[SourceVersion "1"]
[SourceVersionDate "2023.10.10"]
[SourceQuality "1"]

1. e4 c6 2. d4 d5 3. exd5 cxd5 4. Bd3 Nc6 5. c3 Qc7 6. Nf3 Bg4 7. Nbd2 Nf6 8. 0-0 e6 9. Re1 Bd6 10. Qc2 0-0 11. h3 Bh5 12. g4 Bg6 13. Bxg6 hxg6 14. Kg2 Rfe8 15. a3 a5 16. b3 e5 17. dxe5 Nxe5 18. Nxe5 Bxe5 19. Bb2 d4 20. c4 d3 21. Qb1 Qc6+ 22. f3 Bf4 23. Bxf6 Bxd2 24. Rxe8+ Rxe8 25. Qxd3 Qxf6 0-1

[Event "Bad Pyrmont Pape op-A 2nd"]
[Site "Bad Pyrmont"]
[Date "2023.08.10"]
[Round "1"]
[White "Wernke Schmiesing, Sebastian"]
[Black "Ehlert, Horst"]
[Result "0-1"]
[WhiteElo "1746"]
[BlackElo "2001"]
[PlyCount "52"]
[EventDate "2023.08.10"]
[EventType "swiss"]
[EventRounds "7"]
[EventCountry "GER"]
[SourceTitle "EXT 2024"]
[Source "ChessBase"]
[SourceDate "2023.10.10"]
[SourceVersion "1"]
[SourceVersionDate "2023.10.10"]
[SourceQuality "1"]

1. d4 d5 2. c4 e6 3. Nc3 Nf6 4. cxd5 exd5 5. Bg5 Nbd7 6. e3 Be7 7. Bd3 0-0 8. Qc2 c6 9. Nf3 Re8 10. 0-0 Nf8 11. h3 Nh5 12. Bxe7 Qxe7 13. Rab1 Ng6 14. Ne2 Nf6 15. b4 Bd7 16. Rfc1 Ne4 17. b5 Rac8 18. bxc6 Rxc6 19. Qb2 Rb6 20. Qa1 Nxf2 21. Bxg6 Rxg6 22. Ne5 Nxh3+ 23. Kf1 Qh4 24. g3 Rxg3 25. Nxg3 Qxg3 26. Rb2 Bb5+ 0-1